LEADER 00714nam0 2200229 450 001 000016806 005 20181004133646.0 100 $a20081002d1960----km-y0itay50------ba 101 0 $afre 102 $aCH 105 $ay-------001yy 200 1 $a<>négociations collectives$ecours d'éducation ouvrière$fBureau international du travail 210 $aGenéve$cAtar art graphiques$d1960 215 $a177 p.$d24 cm 610 1 $aDiritto del lavoro 676 $a331.22$v19 710 02$aBureau international du travail$0245012 801 0$aIT$bUNIPARTHENOPE$c20081002$gRICA$2UNIMARC 912 $a000016806 951 $a331.22 /102$b14643$cNAVA4 996 $aNégociations collectives$91201853 997 $aUNIPARTHENOPE